| 000 | 01422nam0a22003251 4500 | ||
|---|---|---|---|
| 001 | rc\546704 | ||
| 005 | 20250621125308.0 | ||
| 010 |
_a5-265-00202-2 _930000 |
||
| 035 | _a(NLR Aleph) 005783054 | ||
| 090 |
_a5129268 _c5129268 |
||
| 100 | _a20030616d1987 |||y0rusy50 ca | ||
| 101 | 0 | _arus | |
| 102 | _aRU | ||
| 105 | _aa ||||||||| | ||
| 200 | 1 |
_aАксакал _eПовести и рассказы _eПер. с туркм. _fБердыназар Худайназаров _g[Худож. А. Ременник] |
|
| 210 |
_aМ. _cСов. писатель _d1987 |
||
| 215 |
_a237, [2] с. _cил. _d16 |
||
| 327 | 1 | _aСодерж.: Повести: Аксакал; Мой Алабай; Ночь Аллаярова; Зов пустыни; Рассказы: Спутники; Дорога в Караметнияз | |
| 464 | 0 |
_12001#$aАксакал _tАксакал |
|
| 464 | 0 |
_12001#$aМой Алабай _tМой Алабай |
|
| 464 | 0 |
_12001#$aНочь Аллаярова _tНочь Аллаярова |
|
| 464 | 0 |
_12001#$aЗов пустыни _tЗов пустыни |
|
| 464 | 0 |
_12001#$aСпутники _tСпутники |
|
| 464 | 0 |
_12001#$aДорога в Караметнияз _tДорога в Караметнияз |
|
| 700 | 1 |
_aХудайназаров _bБ. _f1927- _gБердыназар |
|
| 801 | 0 |
_aRU _bNLR _gpsbo |
|
| 801 | 1 |
_aRU _bELAR _2rusmarc |
|
| 852 |
_aNLR _j88-2/817 |
||
| 942 | _cBOOK | ||
| 980 | _aNB | ||